[Event "O afrouxo do anel"]
[Site "http://www.queenalice.com/game.php?id=1636849"]
[Date "2020.12.18"]
[Round "-"]
[White "mascarade"]
[Black "betofortaleza"]
[Result "1-0"]
[WhiteElo "2203"]
[BlackElo "1943"]

1. Nf3 d5 2. d4 Nc6 3. e3 Nf6 4. Bb5 Bd7 5. O-O Nb4 6. Bxd7+ Qxd7 7. a3 Nc6 8.
Nc3 a6 9. b3 h5 10. Ne5 Nxe5 11. dxe5 Ng4 12. Qxd5 Qxd5 13. Nxd5 O-O-O 14. Nf4
Nxe5 15. Bb2 f6 16. Bxe5 fxe5 17. Ng6 Rh6 18. Nxe5 Rd2 19. Rfc1 g5 20. Nf3 Rd5
21. c4 Rd3 22. Nxg5 Rxb3 23. Ne4 e6 24. c5 Bg7 25. Ra2 e5 26. Rd1 Bf8 27. g3 Rg6
28. Rad2 Be7 29. Rd7 Rg7 30. c6 b6 31. Ng5 Rxg5 32. Rxe7 Rg8 33. h4 Rd8 34.
Rxd8+ Kxd8 35. Rd7+ Kc8 36. Rh7 Rxa3 37. Rh8# 1-0

[Event "AUTO-MASTER-3014"]
[Site "http://www.queenalice.com/game.php?id=1637079"]
[Date "2020.12.20"]
[Round "1"]
[White "Pin"]
[Black "betofortaleza"]
[Result "1-0"]
[WhiteElo "1937"]
[BlackElo "1911"]

1. e4 e5 2. Nf3 Nc6 3. Bb5 d6 4. Nc3 Nf6 5. d3 Bg4 6. O-O Qd7 7. Be3 Bxf3 8.
Qxf3 a6 9. Ba4 b5 10. Bb3 Nd4 11. Bxd4 exd4 12. Nd5 Nxd5 13. Bxd5 Rb8 14. Rfe1
c6 15. Bb3 Kd8 16. Bxf7 Kc7 17. e5 dxe5 18. Rxe5 Bd6 19. Rf5 Rhf8 20. Re1 Kb6
21. g3 Rb7 22. Be6 Rxf5 23. Qxf5 Qe8 24. Re4 g6 25. Qf3 Qh8 26. Qg4 Be5 27. Qe2
Bd6 28. Bb3 h5 29. Re6 Rd7 30. Rxg6 h4 31. Qe6 hxg3 32. fxg3 Rd8 33. a4 Qh5 34.
c3 Qf3 35. Qe4 Qxe4 36. dxe4 d3 37. axb5 d2 38. bxa6 Bc5+ 39. Kg2 d1=Q 40. Bxd1
Rxd1 41. b4 Be7 42. Re6 Bf8 43. b5 Kxb5 44. a7 Ra1 45. Re8 Rxa7 46. Rxf8 Re7 47.
h4 Rxe4 48. h5 Re5 49. g4 Kc4 50. Rf3 Rg5 51. Kh3 1-0

[Event "AUTO-MASTER-3014"]
[Site "http://www.queenalice.com/game.php?id=1637080"]
[Date "2020.12.20"]
[Round "1"]
[White "betofortaleza"]
[Black "Pin"]
[Result "1-0"]
[WhiteElo "1930"]
[BlackElo "1956"]

1. e4 c5 2. Nf3 d6 3. Bc4 e6 4. b3 Nc6 5. O-O Nf6 6. d3 Be7 7. Bb5 Bd7 8. Bxc6
Bxc6 9. Nc3 a6 10. a4 O-O 11. h4 Rc8 12. Ng5 Nd7 13. Qh5 Bxg5 14. hxg5 Ne5 15.
f4 Ng6 16. f5 exf5 17. exf5 Ne5 18. f6 Ng6 19. Bb2 Qd7 20. Ne4 Bxe4 21. dxe4 c4
22. Rf3 Rfe8 23. Rh3 h6 24. gxh6 1-0

[Event "AUTO-MASTER-3014"]
[Site "http://www.queenalice.com/game.php?id=1637095"]
[Date "2020.12.20"]
[Round "1"]
[White "Vedovanera"]
[Black "betofortaleza"]
[Result "1-0"]
[WhiteElo "2164"]
[BlackElo "1831"]

1. e4 e5 2. Nf3 Nc6 3. Bc4 f6 4. O-O Bc5 5. c3 d6 6. d4 exd4 7. cxd4 Bb6 8. h3
Qe7 9. Nc3 Bd7 10. Nd5 Qd8 11. e5 dxe5 12. dxe5 fxe5 13. Re1 Nf6 14. Nxe5 Nxe5
15. Rxe5+ Kf8 16. Nxf6 Bxf2+ 17. Kh1 gxf6 18. Bh6# 1-0

[Event "AUTO-MASTER-3014"]
[Site "http://www.queenalice.com/game.php?id=1637096"]
[Date "2020.12.20"]
[Round "1"]
[White "betofortaleza"]
[Black "Vedovanera"]
[Result "0-1"]
[WhiteElo "1815"]
[BlackElo "2212"]

1. e4 e6 2. e5 c5 3. Nf3 f6 4. d4 cxd4 5. exf6 Nxf6 6. Bg5 Nc6 7. Nxd4 Qa5+ 8.
Nc3 Qxg5 9. Nxc6 bxc6 10. g3 Rb8 11. Bg2 Qe5+ 12. Qe2 Qa5 13. O-O Ba6 14. Qf3
Bxf1 15. Kxf1 Rxb2 16. Qd3 Bc5 17. Ne4 O-O 18. Ng5 Qb5 19. Qxb5 cxb5 0-1

[Event "AUTO-MASTER-3014"]
[Site "http://www.queenalice.com/game.php?id=1637107"]
[Date "2020.12.20"]
[Round "1"]
[White "betofortaleza"]
[Black "JailtonMaster"]
[Result "0-1"]
[WhiteElo "1930"]
[BlackElo "2009"]

1. e4 c5 2. Bc4 d6 3. h3 e6 4. d3 Nc6 5. Nf3 Nf6 6. Bg5 Be7 7. Qd2 O-O 8. h4 d5
9. Bb5 dxe4 10. Bxc6 exf3 11. Bxf3 h6 12. Bxh6 gxh6 13. Qxh6 Nh7 14. Rh3 Bd6 15.
Be4 f5 16. f4 Qf6 17. Rg3+ Kh8 18. Rg6 Qe7 19. Bf3 Rf6 20. Nc3 Rxg6 21. Qxg6 Bd7
22. O-O-O Bxf4+ 23. Kb1 Rg8 24. Qh5 Be8 25. Nd5 Qf8 26. Nxf4 Bxh5 27. Bxh5 Qf6
28. Re1 e5 29. Nd5 Qd6 30. c4 Rxg2 31. Bf3 Rh2 32. Rg1 Qh6 33. Ne7 Nf6 34. Nxf5
Qd2 0-1

[Event "AUTO-MASTER-3014"]
[Site "http://www.queenalice.com/game.php?id=1637108"]
[Date "2020.12.20"]
[Round "1"]
[White "JailtonMaster"]
[Black "betofortaleza"]
[Result "1-0"]
[WhiteElo "1927"]
[BlackElo "1947"]

1. e4 e5 2. Nf3 Nc6 3. Bb5 d6 4. O-O Bg4 5. h3 Be6 6. Nc3 a6 7. Ba4 b5 8. Bb3
Qd7 9. d3 Nd4 10. Nxd4 exd4 11. Ne2 h6 12. Bxe6 fxe6 13. Nxd4 Nf6 14. f4 c5 15.
Nf3 Be7 16. Be3 O-O-O 17. e5 Nh5 18. a4 dxe5 19. Nxe5 Qe8 20. axb5 Rd6 21. Bxc5
Rd5 22. Bxe7 Qxe7 23. Qxh5 Rxb5 24. Rxa6 Rd8 25. Ra8+ Kc7 26. Rxd8 Qxd8 27. Qf7+
Kc8 28. Nc6 Rb7 29. Qxb7+ 1-0

[Event "A Impenetrável"]
[Site "http://www.queenalice.com/game.php?id=1637368"]
[Date "2020.12.23"]
[Round "-"]
[White "betofortaleza"]
[Black "mascarade"]
[Result "0-1"]
[WhiteElo "1937"]
[BlackElo "2164"]

1. e4 e5 2. Nf3 Nc6 3. g3 d6 4. d4 Nxd4 5. Bc4 Nxf3+ 6. Qxf3 Nf6 7. Bg5 Be7 8.
Nc3 Bg4 9. Qe3 Nd5 10. Bxe7 Nxe3 11. Bxd8 Nxc2+ 12. Kd2 Nxa1 13. Bxc7 Rc8 14.
Bb5+ Bd7 15. Bxd7+ Kxd7 16. Ba5 b6 17. Bb4 Rc4 18. Ba3 Rd4+ 19. Ke2 Nc2 20. Rc1
Nxa3 21. bxa3 Rc8 22. Ke3 a5 23. Nb5 Rxc1 0-1

[Event "A Insondável"]
[Site "http://www.queenalice.com/game.php?id=1637369"]
[Date "2020.12.23"]
[Round "-"]
[White "mascarade"]
[Black "betofortaleza"]
[Result "1-0"]
[WhiteElo "2169"]
[BlackElo "1917"]

1. e4 e5 2. Nc3 Nc6 3. Nf3 Bc5 4. d3 h6 5. Be2 Nf6 6. O-O d5 7. Na4 Bd6 8. Be3
d4 9. Bd2 Bd7 10. b3 Bg4 11. Nb2 Ne7 12. Nc4 Ng6 13. Nxd6+ cxd6 14. h3 Be6 15.
Nh2 Qd7 16. f4 exf4 17. Bxf4 O-O-O 18. a4 Nh4 19. Bf3 g5 20. Bg3 Ng6 21. Bf2 Nf4
22. Ng4 Ne8 23. Bxd4 f6 24. Nxf6 Qf7 25. Nxe8 Rhxe8 26. Bg4 Qg6 27. Bxe6+ Qxe6
28. Rf3 Rg8 29. Qd2 Kb8 30. Qf2 a6 31. Re1 Rdf8 32. e5 d5 33. Bc5 Rf7 34. Bd6+
Ka8 35. Kh2 g4 36. hxg4 Rxg4 37. g3 Nh3 38. Qb6 Rxf3 39. Qd8+ Ka7 40. Bb8+ Ka8
41. Bc7+ 1-0

[Event "Challenge"]
[Site "http://www.queenalice.com/game.php?id=1639521"]
[Date "2021.1.11"]
[Round "-"]
[White "Bigchess"]
[Black "betofortaleza"]
[Result "1-0"]
[WhiteElo "1839"]
[BlackElo "1911"]

1. d3 d5 2. f4 d4 3. Nf3 Nc6 4. e4 Bg4 5. Be2 e5 6. O-O Bd6 7. Nbd2 exf4 8. Nc4
Bxf3 9. Bxf3 Ne5 10. Nxd6+ Qxd6 11. Bxf4 O-O-O 12. Bxe5 Qxe5 13. Bg4+ Kb8 14.
Rxf7 Nf6 15. Bh3 g5 16. Qf3 Rdf8 17. Rxf8+ Rxf8 18. Bf5 h5 19. Rf1 g4 20. Qe2 b6
21. a3 Rg8 22. b4 c5 23. bxc5 Qxc5 24. Ra1 Qe5 25. a4 Rg5 26. Qd2 Rg7 27. a5 b5
28. a6 Rc7 29. Ra5 Rc3 30. Qh6 Qe7 31. Rxb5+ Ka8 32. Qh8+ Ne8 33. Qxd4 Qc7 34.
e5 1-0

[Event "Challenge"]
[Site "http://www.queenalice.com/game.php?id=1639522"]
[Date "2021.1.11"]
[Round "-"]
[White "betofortaleza"]
[Black "Bigchess"]
[Result "1-0"]
[WhiteElo "1896"]
[BlackElo "1868"]

1. e4 Nf6 2. e5 Nd5 3. d4 d6 4. Bc4 e6 5. Nf3 dxe5 6. Nxe5 Be7 7. Qf3 Rf8 8. O-O
Nc6 9. Bf4 Nxe5 10. Bxe5 Nf6 11. Nc3 c6 12. Rad1 Bd7 13. Ne4 Nxe4 14. Qxe4 f5
15. Qe3 Qb6 16. Bxg7 Rg8 17. Be5 O-O-O 18. Bf4 c5 19. d5 Bf6 20. dxe6 Bc6 21. e7
Rxg2+ 22. Kh1 Rg7+ 23. f3 Bxe7 24. Be6+ Bd7 25. Qe5 Rg6 26. Qb8# 1-0

[Event "A Irritante"]
[Site "http://www.queenalice.com/game.php?id=1639709"]
[Date "2021.1.12"]
[Round "-"]
[White "betofortaleza"]
[Black "mascarade"]
[Result "0-1"]
[WhiteElo "1892"]
[BlackElo "2171"]

1. e4 e5 2. Nf3 Nc6 3. d4 Nxd4 4. Nxd4 exd4 5. Qxd4 d6 6. Bc4 Qe7 7. O-O c5 8.
Qd5 Nf6 9. Qd1 Be6 10. Qd3 Bxc4 11. Qxc4 O-O-O 12. Nc3 h5 13. Bg5 Qe6 14. Nd5
Re8 15. f3 Nd7 16. Rae1 f6 17. Bd2 g5 18. f4 g4 19. f5 Qg8 20. Re3 Ne5 21. Qb5
Bh6 22. Rb3 Qg7 23. Nxf6 Nf3+ 24. Kf2 Nxd2 25. Nxe8 Qd4+ 26. Ke2 Qxe4+ 27. Kd1
Rxe8 0-1

[Event "A Enervante"]
[Site "http://www.queenalice.com/game.php?id=1639710"]
[Date "2021.1.12"]
[Round "-"]
[White "mascarade"]
[Black "betofortaleza"]
[Result "1-0"]
[WhiteElo "2175"]
[BlackElo "1870"]

1. b3 e5 2. e4 Nf6 3. Nc3 Bb4 4. Nge2 Bxc3 5. Nxc3 a6 6. Bb2 d5 7. exd5 Nxd5 8.
Bc4 Nxc3 9. Bxc3 Nc6 10. Qh5 Qf6 11. O-O-O Be6 12. Bxe6 Qxe6 13. Rhe1 O-O-O 14.
Bxe5 Nxe5 15. Rxe5 Qf6 16. Qe2 Rhe8 17. d4 Rxe5 18. dxe5 Qe6 19. Rxd8+ Kxd8 20.
Qd3+ Ke7 21. Qe4 Qh6+ 22. f4 Qxh2 23. Qxb7 Qxf4+ 24. Kb1 Qxe5 25. Qxa6 f5 26.
Qa3+ c5 27. Qa7+ Kf6 28. Qb6+ Kg5 29. Qd8+ Kh6 30. Qh4+ Kg6 31. a4 h5 32. a5 Qc3
33. a6 Qa5 34. Qa4 Qe1+ 35. Ka2 Qc3 36. Qe8+ Kg5 37. Kb1 Qa5 38. Qe7+ Kh6 39. a7
c4 40. Qe3+ Kh7 41. bxc4 Qb4+ 42. Qb3 Qe1+ 43. Ka2 Qe8 44. Qb5 1-0

[Event "Challenge"]
[Site "http://www.queenalice.com/game.php?id=1639793"]
[Date "2021.1.14"]
[Round "-"]
[White "jpribeiro"]
[Black "betofortaleza"]
[Result "1-0"]
[WhiteElo "1873"]
[BlackElo "1887"]

1. e4 e5 2. Nf3 Nc6 3. d4 exd4 4. Bc4 f6 5. O-O Bc5 6. c3 Ne5 7. Nxe5 fxe5 8.
Qh5+ g6 9. Qxe5+ Qe7 10. Qxh8 d5 11. Qxg8+ Kd7 12. Bxd5 c6 13. Bb3 dxc3 14. Rd1+
1-0

[Event "Challenge"]
[Site "http://www.queenalice.com/game.php?id=1639794"]
[Date "2021.1.14"]
[Round "-"]
[White "betofortaleza"]
[Black "jpribeiro"]
[Result "0-1"]
[WhiteElo "1828"]
[BlackElo "1909"]

1. e4 e5 2. Nf3 Nf6 3. Nxe5 d6 4. Nf3 Nxe4 5. Bd3 Nf6 6. O-O Be7 7. Qe2 O-O 8.
Ng5 h6 9. Nf3 c5 10. Nc3 Re8 11. Ne4 Nxe4 12. Qxe4 g6 13. Be2 Nc6 14. d4 Bf5 15.
Qf4 Bf8 16. Bd3 Bxd3 17. cxd3 cxd4 18. Nxd4 Nxd4 19. Qxd4 Bg7 20. Qb4 Rb8 21.
Bf4 Bf8 22. Qd2 Rc8 23. Bxh6 Bxh6 24. Qxh6 Qf6 25. b4 Qd4 26. Qd2 Rc3 27. Rae1
Rxe1 28. Rxe1 Rxd3 29. Qe3 Rxe3 0-1

[Event "A Apocalíptica"]
[Site "http://www.queenalice.com/game.php?id=1639900"]
[Date "2021.1.14"]
[Round "-"]
[White "betofortaleza"]
[Black "mascarade"]
[Result "0-1"]
[WhiteElo "1837"]
[BlackElo "2178"]

1. e4 e5 2. Nf3 Nc6 3. d4 d5 4. Nxe5 Nge7 5. Bb5 Bd7 6. Bf4 Nxe5 7. dxe5 Bxb5 8.
exd5 Qxd5 9. Qxd5 Nxd5 10. Nc3 Bb4 11. Bd2 Nxc3 12. Bxc3 Bxc3+ 13. bxc3 O-O-O
14. f4 Rhe8 15. Kf2 Rd2+ 16. Ke3 Rxc2 17. g3 f6 18. a4 Bc6 19. Rhd1 Rxh2 0-1

[Event "A Horripilante"]
[Site "http://www.queenalice.com/game.php?id=1639901"]
[Date "2021.1.14"]
[Round "-"]
[White "mascarade"]
[Black "betofortaleza"]
[Result "1-0"]
[WhiteElo "2180"]
[BlackElo "1835"]

1. Nf3 d5 2. d4 Nc6 3. e3 a6 4. Be2 Nf6 5. c4 dxc4 6. Bxc4 e6 7. O-O Bd6 8. Nc3
b5 9. Bd3 Bb7 10. e4 e5 11. dxe5 Bxe5 12. Nxe5 Nxe5 13. Bc2 O-O 14. Qe2 c5 15.
a3 h5 16. Bg5 Qd6 17. Bxf6 Qxf6 18. Qxh5 Qf4 19. Nd5 Bxd5 20. exd5 Qd2 21. Qh7#
1-0

[Event "AUTO-ADV-4344"]
[Site "http://www.queenalice.com/game.php?id=1645495"]
[Date "2021.3.3"]
[Round "2"]
[White "dadaspazzi"]
[Black "betofortaleza"]
[Result "0-1"]
[WhiteElo "2202"]
[BlackElo "1831"]

1. d4 d5 2. c4 Nf6 3. cxd5 Nxd5 4. e4 Nb6 5. Bf4 e6 6. Nf3 Bb4+ 7. Nc3 O-O 8. a3
Bxc3+ 9. bxc3 Nc6 10. Bd3 Re8 11. O-O Nd7 12. e5 f6 13. exf6 Nxf6 14. Re1 Nd5
15. Bxh7+ Kxh7 16. Ng5+ Kg8 17. Qh5 Nf6 18. Qf7+ Kh8 19. Re3 e5 20. Rh3+ Bxh3
21. dxe5 Re7 22. Qg6 Qd5 23. gxh3 Nxe5 24. Bxe5 Qxe5 25. Nf7+ Rxf7 0-1

[Event "AUTO-ADV-4344"]
[Site "http://www.queenalice.com/game.php?id=1645496"]
[Date "2021.3.3"]
[Round "2"]
[White "betofortaleza"]
[Black "dadaspazzi"]
[Result "0-1"]
[WhiteElo "1861"]
[BlackElo "2179"]

1. e4 c5 2. Nf3 d6 3. Bc4 Nf6 4. O-O Nxe4 5. d3 Nf6 6. Ng5 e6 7. Re1 Be7 8. Qf3
O-O 9. Qh3 d5 10. Bb3 Nc6 11. Bf4 e5 12. Qg3 exf4 13. Qxf4 h6 14. Nf3 Bg4 15.
Nbd2 b5 16. c3 Bd6 17. Ne5 Bxe5 18. Rxe5 Nxe5 19. Qxe5 Re8 20. Qg3 Re2 21. Rd1
c4 22. Bc2 Qe7 23. f3 Qe3+ 24. Kh1 Rxd2 0-1

[Event "AUTO-ADV-4344"]
[Site "http://www.queenalice.com/game.php?id=1645499"]
[Date "2021.3.3"]
[Round "2"]
[White "chessman"]
[Black "betofortaleza"]
[Result "1/2-1/2"]
[WhiteElo "2034"]
[BlackElo "1810"]

1. e4 e5 2. Nf3 Nc6 3. Bb5 Nd4 4. Nxd4 exd4 5. d3 a6 6. Bc4 b5 7. Bb3 c5 8. c3
Bd6 9. Qf3 Qf6 10. Qxf6 Nxf6 11. O-O O-O 12. cxd4 cxd4 13. f4 Bc7 14. Nd2 Bb7
15. Nf3 Bb6 16. Bd2 d5 17. e5 Ng4 18. h3 Ne3 19. Bxe3 dxe3 20. d4 Ba5 21. Rfc1
Rac8 22. Kf1 f6 23. Ke2 fxe5 24. fxe5 Bb6 25. Kxe3 a5 26. Kd2 a4 27. Bd1 Ba5+
28. Kd3 Ba6 29. Ke3 Rce8 30. Rc5 Rd8 31. Rac1 Bb6 32. Rc6 Rb8 33. Be2 Bc8 34.
Bd3 Bd7 35. R6c2 Rbe8 36. a3 h6 37. Ke2 1/2-1/2

[Event "AUTO-ADV-4344"]
[Site "http://www.queenalice.com/game.php?id=1645500"]
[Date "2021.3.3"]
[Round "2"]
[White "betofortaleza"]
[Black "chessman"]
[Result "0-1"]
[WhiteElo "1813"]
[BlackElo "1860"]

1. e4 e6 2. e5 d5 3. d4 c5 4. Bb5+ Nc6 5. Nf3 Bd7 6. O-O Nxe5 7. dxe5 Bxb5 8.
Re1 Ne7 9. Bg5 Qc7 10. Nc3 Bc6 11. Be3 d4 12. Bg5 dxc3 13. bxc3 Rd8 14. Qe2 h6
15. Bf4 Ng6 16. Qe3 b6 17. c4 Nxf4 18. Qxf4 Bxf3 19. Qxf3 Be7 20. Re3 O-O 21.
Qf4 Bg5 22. Qg3 Bxe3 23. Qxe3 Rd7 24. f4 Rfd8 25. Qf3 Rd2 26. Rb1 Rxc2 0-1

[Event "AUTO-ADV-4344"]
[Site "http://www.queenalice.com/game.php?id=1645503"]
[Date "2021.3.3"]
[Round "2"]
[White "betofortaleza"]
[Black "akleetch"]
[Result "1-0"]
[WhiteElo "1797"]
[BlackElo "1725"]

1. e4 e5 2. Nf3 Nc6 3. Bc4 Nd4 4. Nxd4 exd4 5. Qf3 Qe7 6. O-O d6 7. d3 h6 8. Na3
a6 9. c3 c5 10. cxd4 cxd4 11. Bd5 Nf6 12. Nc4 Be6 13. Bf4 Qc7 14. Rac1 Qd7 15.
Nb6 Qd8 16. Nc4 b5 17. Bxa8 bxc4 18. e5 dxe5 19. Bxe5 cxd3 20. Bc6+ Nd7 21. Qxd3
f6 22. Bxd4 Bd6 23. Rfe1 Qe7 24. Qxa6 O-O 25. Qa7 Bb8 26. Qb7 Qf7 27. Re3 Re8
28. Rce1 Qh5 29. h3 Kf8 30. Bxd7 Bxd7 31. Qxd7 1-0

[Event "AUTO-ADV-4344"]
[Site "http://www.queenalice.com/game.php?id=1645504"]
[Date "2021.3.3"]
[Round "2"]
[White "akleetch"]
[Black "betofortaleza"]
[Result "0-1"]
[WhiteElo "1712"]
[BlackElo "1819"]

1. e4 e5 2. Nc3 Nf6 3. a3 Nc6 4. Nf3 Nd4 5. Nxe5 Bd6 6. Nd3 O-O 7. Be2 b6 8. O-O
Bc5 9. e5 Ne8 10. Bg4 d6 11. Nd5 Bxg4 12. f3 Be6 13. Ne3 dxe5 14. Nxe5 Nf6 15.
b4 Bd6 16. N5c4 Be7 17. c3 Bxc4 18. Nxc4 Nf5 19. Re1 c5 20. Ne5 Qc7 21. d3 Bd6
22. f4 Rae8 23. d4 cxd4 24. cxd4 Bxe5 25. dxe5 Ng4 26. Qxg4 Nd4 27. Ra2 Nb5 28.
Bb2 Nc3 29. Rc1 Qc4 30. Kh1 Qxa2 31. Bxc3 Qxa3 32. e6 Qxc1+ 0-1

[Event "amigodolaffite"]
[Site "http://www.queenalice.com/game.php?id=1784452"]
[Date "2022.3.10"]
[Round "-"]
[White "Richardlim"]
[Black "betofortaleza"]
[Result "1-0"]
[WhiteElo "1990"]
[BlackElo "1847"]

1. e4 e5 2. Nf3 Nc6 3. Bb5 a6 4. Ba4 Bc5 5. O-O b5 6. Bb3 Nf6 7. d3 O-O 8. Bg5
Be7 9. a3 d6 10. Nc3 Nd4 11. Ba2 Ng4 12. Bxe7 Qxe7 13. h3 Nf6 14. Kh2 Bg4 15.
hxg4 Nxg4+ 16. Kg3 Qe6 17. Ng5 Qg6 18. Qxg4 Kh8 19. Rh1 h6 20. Nxf7+ Kh7 21.
Ng5+ Kh8 22. Nf7+ Kh7 23. Qxg6+ 1-0

[Event "amigodolaffite2"]
[Site "http://www.queenalice.com/game.php?id=1784453"]
[Date "2022.3.10"]
[Round "-"]
[White "betofortaleza"]
[Black "Richardlim"]
[Result "0-1"]
[WhiteElo "1858"]
[BlackElo "1980"]

1. e4 e5 2. Nf3 Nc6 3. Bc4 Bc5 4. Nc3 Nf6 5. h3 O-O 6. a4 a6 7. O-O d6 8. d3 Bd7
9. Nd5 Na5 10. Bg5 Nxc4 11. dxc4 h6 12. Bxf6 gxf6 13. Nh4 Kh7 14. Kh2 Rg8 15.
Qh5 Rg7 16. Nf5 Bxf5 17. Qxf5+ Rg6 18. h4 c6 19. h5 cxd5 20. hxg6+ fxg6 21. Qe6
Kg7 22. Qxd5 Rb8 23. f4 f5 24. fxe5 Qh4# 0-1